Điện và từ /
Bewaard in:
| Hoofdauteur: | |
|---|---|
| Formaat: | Sách giấy |
| Taal: | Vietnamese |
| Gepubliceerd in: |
Tp. Hồ Chí Minh :
Đại học Quốc gia,
2000
|
| Onderwerpen: | |
| Tags: |
Voeg label toe
Geen labels, Wees de eerste die dit record labelt!
|
| Thư viện lưu trữ: | Thư viện Trường Đại học Đà Lạt |
|---|
| LEADER | 00770nam a2200313 4500 | ||
|---|---|---|---|
| 001 | DLU040025901 | ||
| 005 | ##20040213 | ||
| 040 | # | # | |a DLU |b vie |
| 041 | # | # | |a vie |
| 044 | # | # | |a vn |
| 082 | # | # | |a 530 |b PH-T |
| 100 | # | # | |a Phạm Thị Tuân |
| 245 | # | # | |a Điện và từ / |c Phạm Thị Tuân |
| 260 | # | # | |a Tp. Hồ Chí Minh : |b Đại học Quốc gia, |c 2000 |
| 300 | # | # | |a 285 tr. ; |c 20 cm |
| 504 | # | # | |a Tài liệu tham khảo :tr.280 |
| 653 | # | # | |a Điện trường |
| 653 | # | # | |a Điện vật lý |
| 653 | # | # | |a Giáo trình |
| 653 | # | # | |a Từ trường |
| 992 | # | # | |a 23250 |
| 994 | # | # | |a DLU |
| 900 | # | # | |a True |
| 911 | # | # | |a Nguyễn Thị Tố Hạnh |
| 925 | # | # | |a G |
| 926 | # | # | |a A |
| 927 | # | # | |a SH |
| 980 | # | # | |a Thư viện Trường Đại học Đà Lạt |